00424 2200181 4500001002100000005001500021035002000036008004100056100000800097245002900105300001300134082000800147084001400155260001300169650002000182990001900202990002100221INLIS00000000000180520240823110702 a0010-0724001805 ind  axxx aKumpulan Cerpen /cKUM c a190 hlm. a813 a813 KUM c aSurabaya aFiksi Indonesia aP29/CP/24/1805 aP29/CP/24/1805.2